01013nam a2200229 a 450000100100000000500170001000800410002704000250006808200190009310000260011224500660013826000480020430000210025259000260027365000280029965000310032791000410035895201310039995201160053095201220064699900150076800000947320240412074211.0090930s1972 dr 000 p spa d aDO-SdBNPbspacBNPHU aRD861.44bO81c1 aOscar, Armando92426910aCabezas de estudio :bretratos desdibujados /cArmando Oscar. aSanto Domingo :bEdiciones Paladion,c1972. a156 p. ;c21 cm. aInventariado, 2018/LP 0aPoesía dominicana966 0aLiteratura dominicana.967 aValidado. Control de calidad MMOLINA 001054708DSaGRbGRcHDd2009-10-09iLF1l0oRD861.44 O81cp9473-30r2020-06-25te. 3w2020-06-25yLFDSZPréstamo en sala 0010718PDaPDbPDcHDd2009-09-30iLF1l0oRD861.44 O81cp9473-10r2020-06-25w2020-06-25yLFPDZNo se presta 0010718PDaPDbPDcHDd2009-09-30iLF1l0oRD861.44 O81cp9473-20r2020-06-25te. 2w2020-06-25yLFPDZNo se presta c9233d9233